Crónica de una muerte anunciada / Gabriel García Márquez (Registro nro. 40425)
[ vista simple ]
| 000 -LÍDER | |
|---|---|
| Campo fijo de descripción fija | 003380000a22001330004500 |
| 041 0# - CÓDIGO DE IDIOMA | |
| Código de idioma para texto/pista de sonido o título separado | |
| 082 04 - NÚMERO DE CLASIFICACIÓN DECIMAL DEWEY | |
| Número de clasificación | G 863 G215k |
| 001 - NÚMERO DE CONTROL | |
| Campo de control | 11054 |
| 100 1# - ASIENTO PRINCIPAL--NOMBRE PERSONAL | |
| Nombre personal | García Márquez, Gabriel (1928-) |
| 245 10 - TÍTULO | |
| Título del Material | Crónica de una muerte anunciada / Gabriel García Márquez |
| 260 ## - PUBLICACIÓN, DISTRIBUCIÓN, ETC. (PIE DE IMPRENTA) | |
| Lugar de publicación, distribución, etc. | Bogotá, Colombia : Oveja Negra |
| 300 ## - DESCRIPCIÓN FÍSICA | |
| Extensión | 155 Pag |
| 942 ## - TIPO DE MATERIAL (KOHA) | |
| Tipo de Item KOHA | Libros General |
| Estado de Material | Estado de Perdido | Estado de Dañado | No para Préstamo | Colección | Tomo | Biblioteca de Origen | Biblioteca Permanente | Fecha de Adquisición | Total de Préstamos | Signatura Topográfica | Código de Barras | Última vez visto | Última vez Préstado | Ejemplar/Existencia | Fecha de Remplazo | Tipo de Material |
|---|---|---|---|---|---|---|---|---|---|---|---|---|---|---|---|---|
| Colección General | Biblioteca FUSBC | Biblioteca FUSBC | 26/01/2005 | 1 | G 863 G215k | 10336 | 11/03/2020 | 27/02/2020 | 1 | 26/01/2016 | Libros General |
